|
|
|
|
| LEADER |
00000cam a2200000 7i4500 |
| 001 |
0000088430 |
| 005 |
20160324093000.0 |
| 008 |
150520s2011 ii eng |
| 020 |
|
|
|a 9789350253540
|
| 050 |
0 |
0 |
|a RA399.A3
|b P73 2011
|
| 060 |
1 |
0 |
|a WA 153
|b P898m 2011
|
| 090 |
0 |
0 |
|a WA 153
|b P898m 2011
|
| 100 |
1 |
|
|a Prakash, Anjan ,
|e author
|
| 245 |
1 |
0 |
|a Medical audit
|c Anjan Prakash; co-author, Deepali Bhardwaj; forewords, RK Srivastava, CP Thakur
|
| 250 |
|
|
|a 2nd ed
|
| 260 |
|
|
|a New Delhi :
|b Jaypee Brothers Medical Publishers ,
|c c2011
|
| 300 |
|
|
|a xii, 121 p. :
|b ill. ;
|c 22 cm.
|
| 504 |
|
|
|a Includes bibliographical references (p. [115]-117) and index
|
| 505 |
0 |
|
|a 1. Introduction -- 2. Origins of medical audit -- 3. Definition and concept of medical audit -- 4. Quality of care and quality assurance -- 5. Medical records -- 6. Computers in audit : counting is not enough -- 7. Medical audit : a global view -- 8. Issues and prerequisites for medical audit -- 9. Medical audit : a technique for medical education -- 10. Critical appraosal of medical audit -- 11. Implementing medical audit
|
| 650 |
|
0 |
|a Medical audit
|
| 650 |
1 |
2 |
|a Medical Audit
|
| 700 |
1 |
|
|a Bhardwaj, Deepali ,
|e author
|
| 700 |
1 |
|
|a Srivastava, R. K. ,
|e author
|
| 700 |
1 |
|
|a Thakur, C. P. ,
|e author
|
| 999 |
|
|
|a 1000164878
|b Book
|c OPEN SHELF (30 DAYS)
|e Medical Campus
|